[Event "Ilha Comprida Cabeca Memorial U2200"]
[Site "Ilha Comprida"]
[Date "2016.08.21"]
[Round "6.13"]
[White "Correia, Vitor Paie"]
[Black "Xavier, Gabriel Vaz da Cost"]
[Result "1-0"]
[WhiteElo "1509"]
[BlackElo "1348"]
[PlyCount "57"]
[EventDate "2016.08.20"]
[EventType "swiss"]
[EventRounds "6"]
[EventCountry "BRA"]
[SourceTitle "EXT 2022"]
[Source "ChessBase"]
[SourceDate "2021.10.06"]
[SourceVersion "1"]
[SourceVersionDate "2021.10.06"]
[SourceQuality "1"]

1. e4 Nc6 2. d4 d5 3. e5 Bf5 4. Nf3 f6 5. Bb5 a6 6. Bxc6+ bxc6 7. 0-0 fxe5 8. Nxe5 Qd6 9. Qh5+ g6 10. Qe2 Nf6 11. Nc3 Bg7 12. Bf4 Ng4 13. g3 Nxe5 14. Bxe5 Bxe5 15. dxe5 Qe6 16. Na4 Bh3 17. Nc5 Bxf1 18. Rxf1 Qc8 19. e6 0-0 20. Nd7 Rd8 21. Qg4 Qb7 22. b3 c5 23. Qg5 Re8 24. f4 Qc6 25. f5 Kh8 26. fxg6 Qxe6 27. g7+ Kg8 28. Rf8+ Rxf8 29. gxf8R# 1-0

[Event "Pan American Amateur-ch"]
[Site "Curitiba"]
[Date "2015.12.17"]
[Round "4"]
[White "Coelho, Tatiane Cristina"]
[Black "Correia, Vitor Paie"]
[Result "1-0"]
[WhiteElo "1850"]
[BlackElo "1508"]
[PlyCount "53"]
[EventDate "2015.12.16"]
[EventType "swiss"]
[EventRounds "9"]
[EventCountry "BRA"]
[SourceTitle "CBM 170 Extra"]
[Source "ChessBase"]
[SourceDate "2016.02.25"]
[SourceVersion "1"]
[SourceVersionDate "2016.02.25"]
[SourceQuality "1"]

1. d4 Nf6 2. Nf3 e6 3. Bf4 d5 4. e3 Be7 5. h3 0-0 6. Bd3 c5 7. c3 Nc6 8. 0-0 cxd4 9. exd4 Bd6 10. Ne5 Qc7 11. Re1 Nd7 12. Qe2 Ncxe5 13. dxe5 Bc5 14. Nd2 f6 15. Nf3 f5 16. Rac1 Qb6 17. Red1 Be7 18. b4 Bxb4 19. cxb4 Qxb4 20. Bd2 Qb6 21. Be3 Qd8 22. Bc5 Re8 23. Bd6 Nf6 24. Rc3 a6 25. Rb1 Qa5 26. Qc2 Qd8 27. a4 1-0

[Event "Pan American Amateur-ch"]
[Site "Curitiba"]
[Date "2015.12.16"]
[Round "1"]
[White "Correia, Vitor Paie"]
[Black "Torres Chavez, Daniel Alejandro"]
[Result "0-1"]
[WhiteElo "1508"]
[BlackElo "1886"]
[PlyCount "132"]
[EventDate "2015.12.16"]
[EventType "swiss"]
[EventRounds "9"]
[EventCountry "BRA"]
[SourceTitle "CBM 170 Extra"]
[Source "ChessBase"]
[SourceDate "2016.02.25"]
[SourceVersion "1"]
[SourceVersionDate "2016.02.25"]
[SourceQuality "1"]

1. e4 c5 2. f4 d6 3. Nf3 Nc6 4. Bc4 e6 5. Nc3 g6 6. 0-0 Bg7 7. d3 Nf6 8. h3 h5 9. f5 exf5 10. exf5 Bxf5 11. Re1+ Kf8 12. Nd5 Nxd5 13. Bxd5 Bf6 14. Be3 Rb8 15. Rb1 Kg7 16. Qd2 Ne5 17. Ng5 Bxg5 18. Bxg5 f6 19. Bf4 Qd7 20. Bxe5 dxe5 21. Be4 Rbd8 22. Bxf5 Qxf5 23. Qa5 Qc8 24. Qxa7 Qc6 25. Qa3 Rd4 26. Qc3 Rhd8 27. Re2 c4 28. dxc4 Rxc4 29. Qb3 Rcd4 30. c3 Rd3 31. Rf1 R8d7 32. Ref2 f5 33. Rf3 Rd2 34. R3f2 Qc5 35. Qb4 Qxb4 36. cxb4 e4 37. Rc1 Rxf2 38. Kxf2 Rd2+ 39. Kf1 Rxb2 40. Rc7+ Kf6 41. Rxb7 Rxa2 42. b5 Ke5 43. b6 Rb2 44. Rb8 Kf4 45. b7 Ke3 46. Kg1 f4 47. Rg8 Rxb7 48. Rxg6 Rb5 49. Rg8 f3 50. gxf3 Kxf3 51. Rf8+ Kg3 52. Kf1 Re5 53. Ke2 Kxh3 54. Rg8 e3 55. Rg7 Re4 56. Rg1 Kh2 57. Rg5 h4 58. Rg6 Kh3 59. Rg8 Rg4 60. Rf8 Kg2 61. Kxe3 h3 62. Rf2+ Kg1 63. Ra2 h2 64. Kf3 h1Q+ 65. Kxg4 Qe4+ 66. Kg3 Qd3+ 0-1

[Event "BRA-ch U16 37th"]
[Site "Lages"]
[Date "2015.05.16"]
[Round "4"]
[White "Crul, Otavio Augusto Barr"]
[Black "Correia, Vitor Paie"]
[Result "1/2-1/2"]
[WhiteElo "1623"]
[BlackElo "1514"]
[PlyCount "100"]
[EventDate "2015.05.14"]
[EventType "swiss"]
[EventRounds "6"]
[EventCountry "BRA"]
[SourceTitle "EXT 2022"]
[Source "ChessBase"]
[SourceDate "2021.10.06"]
[SourceVersion "1"]
[SourceVersionDate "2021.10.06"]
[SourceQuality "1"]

1. d4 Nf6 2. c4 e6 3. Nf3 d5 4. Nc3 Be7 5. Bf4 0-0 6. e3 c6 7. Bd3 dxc4 8. Bxc4 Nbd7 9. a3 b6 10. 0-0 Bb7 11. Qc2 Rc8 12. Qe2 b5 13. Bd3 a6 14. h3 Nd5 15. Nxd5 cxd5 16. Rac1 Nb6 17. Rc2 Bd6 18. Bxh7+ Kh8 19. Bxd6 Rxc2 20. Bxc2 Qxd6 21. Ne5 g6 22. Qg4 Nd7 23. Nxd7 Qxd7 24. Qf4 Kg7 25. Bd3 Rc8 26. Qf3 Rc6 27. Qe2 Qc8 28. Rd1 Rc7 29. f4 Rc6 30. Kh2 Qc7 31. Rd2 Bc8 32. Rc2 Rxc2 33. Qxc2 Qxc2 34. Bxc2 Bd7 35. Kg3 Kh6 36. Kf2 Kg7 37. Ke2 Kf8 38. Kd3 a5 39. Kc3 Bc6 40. Bd1 f6 41. Bf3 f5 42. Kd2 Kg7 43. Ke2 Kh6 44. Kf2 Bb7 45. g4 Bc6 46. Kg3 Be8 47. gxf5 gxf5 48. h4 Bh5 49. Bxh5 Kxh5 50. b3 Kg6 1/2-1/2

[Event "Indaiatuba IRT Regional 7th"]
[Site "Indaiatuba"]
[Date "2015.05.03"]
[Round "5.6"]
[White "Santos Jr, Alexandre Reis Dos"]
[Black "Correia, Vitor Paie"]
[Result "1-0"]
[WhiteElo "1769"]
[BlackElo "1514"]
[PlyCount "57"]
[EventDate "2015.05.02"]
[EventType "swiss"]
[EventRounds "5"]
[EventCountry "BRA"]
[SourceTitle "EXT 2022"]
[Source "ChessBase"]
[SourceDate "2021.10.06"]
[SourceVersion "1"]
[SourceVersionDate "2021.10.06"]
[SourceQuality "1"]

1. c4 Nf6 2. Nc3 g6 3. g3 Bg7 4. Bg2 0-0 5. e4 d6 6. d4 c5 7. Nge2 Nbd7 8. Be3 Rb8 9. Qd2 b6 10. Bh6 Bb7 11. Bxg7 Kxg7 12. d5 Ne5 13. b3 e6 14. f4 Neg4 15. h3 Nh6 16. g4 Nhg8 17. g5 Nh5 18. Bf3 exd5 19. Bxh5 gxh5 20. cxd5 Ba6 21. Ng3 Ne7 22. f5 Nc8 23. Nxh5+ Kh8 24. Nf6 Rg8 25. Nxg8 Qxg8 26. h4 Ne7 27. h5 Re8 28. 0-0-0 Qg7 29. f6 1-0

[Event "Ribeirao Preto op"]
[Site "Ribeirao Preto"]
[Date "2014.04.05"]
[Round "4"]
[White "Montufar Berrios, Lesly Viviane"]
[Black "Correia, Vitor Paie"]
[Result "1-0"]
[WhiteElo "1741"]
[BlackElo "1469"]
[PlyCount "77"]
[EventDate "2014.04.04"]
[EventType "swiss"]
[EventRounds "6"]
[EventCountry "BRA"]
[SourceTitle "CBM 159 Extra"]
[Source "ChessBase"]
[SourceDate "2014.04.24"]
[SourceVersion "1"]
[SourceVersionDate "2014.04.24"]
[SourceQuality "1"]

1. c4 Nf6 2. Nc3 d5 3. cxd5 Nxd5 4. Nf3 Nc6 5. g3 Bg4 6. Bg2 Nf6 7. 0-0 e5 8. h3 Be6 9. d3 Bd6 10. d4 exd4 11. Nxd4 Nxd4 12. Qxd4 c6 13. e4 Be7 14. Qe3 0-0 15. Qe2 Qc8 16. Kh2 Rd8 17. Bf4 b5 18. Qc2 Nh5 19. Be3 Nf6 20. Rfd1 Qb7 21. Ne2 Rac8 22. Nf4 Bd7 23. Qb3 a6 24. e5 Ne8 25. e6 Bxe6 26. Nxe6 fxe6 27. Qxe6+ Kf8 28. Rxd8 Rxd8 29. Bxc6 Qc8 30. Qxc8 Rxc8 31. Rc1 Rd8 32. Bf3 Rd6 33. Rc8 Kf7 34. Bf4 Rb6 35. Bd5+ Kf8 36. Bc6 Bf6 37. Bxe8 Bxb2 38. Bc6+ Ke7 39. Be3 1-0

[Event "Pocos de Caldas op"]
[Site "Pocos de Caldas"]
[Date "2014.02.15"]
[Round "4"]
[White "Correia, Vitor Paie"]
[Black "Januario, Marcos Antonio"]
[Result "1/2-1/2"]
[WhiteElo "1448"]
[BlackElo "1606"]
[PlyCount "69"]
[EventDate "2014.02.14"]
[EventType "swiss"]
[EventRounds "6"]
[EventCountry "BRA"]
[SourceTitle "CBM 158 Extra"]
[Source "ChessBase"]
[SourceDate "2014.02.28"]
[SourceVersion "1"]
[SourceVersionDate "2014.02.28"]
[SourceQuality "1"]

1. e4 c5 2. Nf3 d6 3. d4 cxd4 4. Nxd4 Nf6 5. Nc3 g6 6. f3 Bg7 7. Be3 Bd7 8. Qd2 Nc6 9. 0-0-0 Rc8 10. g4 Ne5 11. Be2 Nc4 12. Bxc4 Rxc4 13. h4 Qa5 14. Nb3 Qc7 15. a3 b5 16. Qf2 b4 17. axb4 Rxb4 18. g5 Nh5 19. Nd5 Qc4 20. Nxb4 Qxb4 21. Qd2 Qa4 22. Qa5 Qc4 23. Qd5 Qc8 24. Rhg1 0-0 25. Bd4 Be6 26. Qa5 Bxb3 27. Rg2 Nf4 28. Rh2 Qc4 29. Qd2 Bxd4 30. Qxd4 Ne2+ 31. Rxe2 Qxe2 32. cxb3 Rc8+ 33. Kb1 Qc2+ 34. Ka2 Rc5 35. Qd2 1/2-1/2

[Event "Pocos de Caldas op"]
[Site "Pocos de Caldas"]
[Date "2014.02.14"]
[Round "2"]
[White "Correia, Vitor Paie"]
[Black "Arruda Filho, Ivo Pereira de"]
[Result "0-1"]
[WhiteElo "1448"]
[BlackElo "1756"]
[PlyCount "88"]
[EventDate "2014.02.14"]
[EventType "swiss"]
[EventRounds "6"]
[EventCountry "BRA"]
[SourceTitle "CBM 158 Extra"]
[Source "ChessBase"]
[SourceDate "2014.02.28"]
[SourceVersion "1"]
[SourceVersionDate "2014.02.28"]
[SourceQuality "1"]

1. e4 c6 2. d4 d5 3. e5 Bf5 4. Bd3 Bxd3 5. Qxd3 e6 6. Nf3 Nd7 7. 0-0 Ne7 8. c3 Ng6 9. Be3 Qb6 10. Qc2 c5 11. Nbd2 Rc8 12. Qb3 Be7 13. Rac1 0-0 14. Rfd1 Rc7 15. Qxb6 axb6 16. Nb3 Rfc8 17. h3 b5 18. a3 b6 19. Nbd2 b4 20. axb4 cxb4 21. Nb1 b5 22. Ne1 Nb6 23. Nd3 bxc3 24. Nxc3 b4 25. Na2 Nc4 26. b3 Nxe3 27. Rxc7 Rxc7 28. fxe3 Bg5 29. Kf2 Rc2+ 30. Kf1 Rxa2 31. Nxb4 Rb2 32. Rd3 Nh4 33. g4 Nf3 34. Rc3 g6 35. Nc2 Nd2+ 36. Ke2 Nxb3 37. Rc8+ Kg7 38. Kd3 Na5 39. Kc3 Rb3+ 40. Kd2 Nc4+ 41. Ke2 Nxe3 42. Nxe3 Bxe3 43. Rc2 Bxd4 44. Rd2 Rb2 0-1

[Event "Cordeiropolis op 3rd"]
[Site "Cordeiropolis"]
[Date "2013.09.01"]
[Round "6"]
[White "Nikolic, Jovane"]
[Black "Correia, Vitor Paie"]
[Result "1-0"]
[WhiteElo "1713"]
[BlackElo "1446"]
[PlyCount "107"]
[EventDate "2013.08.30"]
[EventType "swiss"]
[EventRounds "6"]
[EventCountry "BRA"]
[SourceTitle "CBM 156 Extra"]
[Source "ChessBase"]
[SourceDate "2013.10.22"]
[SourceVersion "1"]
[SourceVersionDate "2013.10.22"]
[SourceQuality "1"]

1. b4 e5 2. b5 Nf6 3. Bb2 d6 4. c4 Be6 5. e3 Be7 6. Nf3 0-0 7. Be2 Nbd7 8. 0-0 c6 9. a4 cxb5 10. axb5 a6 11. Nc3 Qc7 12. d3 a5 13. Ng5 Bf5 14. Bf3 Rab8 15. Nge4 Nxe4 16. Nxe4 Nf6 17. Ng3 Bg6 18. Qd2 b6 19. Bc6 Nd7 20. f4 f6 21. f5 Be8 22. d4 Bf7 23. Rac1 Rbc8 24. Ba3 Nb8 25. d5 Nd7 26. Ne4 Nc5 27. Bxc5 bxc5 28. Ra1 Bd8 29. Ra4 Qe7 30. Qb2 Bb6 31. Nd2 Rc7 32. Nb3 Ra7 33. e4 Qc7 34. Qc3 Be8 35. Rfa1 Bxc6 36. dxc6 Rfa8 37. Rd1 Rd8 38. Ra2 Kf8 39. Nd2 Qe7 40. Nf1 Qf7 41. Rad2 Qc7 42. Ne3 a4 43. Nd5 Ba5 44. Qh3 Qb8 45. Qxh7 Bb6 46. Nxb6 Qxb6 47. Rxd6 Rxd6 48. Rxd6 a3 49. Qh8+ Kf7 50. Rd8 Qxd8 51. Qxd8 a2 52. Qd5+ Kf8 53. Qxc5+ Re7 54. Qa3 1-0

[Event "BRA-ch Amateur"]
[Site "Sao Paulo"]
[Date "2013.02.09"]
[Round "2"]
[White "Correia, Vitor Paie"]
[Black "Da Silva Filho, Manoel Barbosa"]
[Result "0-1"]
[WhiteElo "1443"]
[BlackElo "1830"]
[PlyCount "104"]
[EventDate "2013.02.09"]
[EventType "swiss"]
[EventRounds "7"]
[EventCountry "BRA"]
[SourceTitle "CBM 152 Extra"]
[Source "ChessBase"]
[SourceDate "2013.02.25"]
[SourceVersion "1"]
[SourceVersionDate "2013.02.25"]
[SourceQuality "1"]

1. e4 e5 2. Nf3 Nc6 3. d4 exd4 4. Nxd4 Nxd4 5. Qxd4 d6 6. Bc4 Be6 7. Bxe6 fxe6 8. Nc3 Qd7 9. 0-0 c5 10. Qa4 Qxa4 11. Nxa4 Nf6 12. Nc3 Be7 13. Bg5 0-0 14. Rad1 Rad8 15. h3 h6 16. Bh4 g5 17. Bg3 a6 18. Rd2 d5 19. exd5 exd5 20. Re1 Rf7 21. Ree2 Rd7 22. Be5 d4 23. Ne4 Nxe4 24. Rxe4 b5 25. Bg3 c4 26. Re6 Bb4 27. Rd1 d3 28. cxd3 cxd3 29. a3 Bc5 30. b4 Ba7 31. Rd6 Bxf2+ 32. Bxf2 Rxd6 33. Bc5 Rd5 34. Rd2 h5 35. Be3 g4 36. hxg4 hxg4 37. g3 Re7 38. Kf2 Kf7 39. Rd1 Re8 40. Rd2 Ra8 41. Bc5 a5 42. bxa5 Rxa5 43. Bb4 Ra6 44. Kg2 Ke6 45. Kf2 Kf5 46. Kg2 Ke4 47. Kf2 Rf6+ 48. Kg2 Ke3 49. Ba5 Rdf5 50. Kg1 Rf3 51. Rg2 Rf1+ 52. Kh2 Rh6# 0-1

[Event "BRA-ch Amateur"]
[Site "Sao Paulo"]
[Date "2013.02.09"]
[Round "1"]
[White "Zimmermann, Kleber Renato P"]
[Black "Correia, Vitor Paie"]
[Result "1-0"]
[WhiteElo "1981"]
[BlackElo "1443"]
[PlyCount "69"]
[EventDate "2013.02.09"]
[EventType "swiss"]
[EventRounds "7"]
[EventCountry "BRA"]
[SourceTitle "CBM 152 Extra"]
[Source "ChessBase"]
[SourceDate "2013.02.25"]
[SourceVersion "1"]
[SourceVersionDate "2013.02.25"]
[SourceQuality "1"]

1. d4 Nf6 2. c4 e6 3. Nf3 d5 4. Bg5 Be7 5. e3 Nbd7 6. Nc3 0-0 7. Qc2 b6 8. cxd5 Nxd5 9. Nxd5 exd5 10. Bxe7 Qxe7 11. Qxc7 Qb4+ 12. Qc3 Qxc3+ 13. bxc3 Nf6 14. Bd3 Bd7 15. Ne5 Ba4 16. f3 b5 17. Kd2 Rac8 18. Rhb1 a6 19. Bf5 Rc7 20. Nd3 g6 21. Bh3 Ra8 22. Nc5 Kf8 23. Nxa4 bxa4 24. Rb6 Ne8 25. Rab1 a5 26. R1b5 Ke7 27. Rxd5 Nf6 28. Rdb5 Ne8 29. Re5+ Kf8 30. Kd3 f6 31. Reb5 Ke7 32. Rb7 Kd8 33. Rd5+ Ke7 34. Rxc7+ Nxc7 35. Rd7+ 1-0

[Event "Americana Region-ch 4th"]
[Site "Americana"]
[Date "2013.01.25"]
[Round "1.3"]
[White "Correia, Vitor Paie"]
[Black "Alboredo, Julia"]
[Result "0-1"]
[WhiteElo "1443"]
[BlackElo "1789"]
[PlyCount "102"]
[EventDate "2013.01.25"]
[EventType "swiss"]
[EventRounds "6"]
[EventCountry "BRA"]
[SourceTitle "EXT 2022"]
[Source "ChessBase"]
[SourceDate "2021.10.06"]
[SourceVersion "1"]
[SourceVersionDate "2021.10.06"]
[SourceQuality "1"]

1. e4 c5 2. Nf3 a6 3. c3 g6 4. d4 cxd4 5. cxd4 d5 6. e5 Bg4 7. Be2 Bg7 8. h3 Bxf3 9. Bxf3 e6 10. Nc3 Ne7 11. 0-0 0-0 12. Be3 Nbc6 13. a3 Nf5 14. Re1 Nxe3 15. Rxe3 b5 16. b4 Qb6 17. Ne2 a5 18. Rb3 f6 19. bxa5 Nxa5 20. exf6 Nxb3 21. fxg7 Rxf3 22. gxf3 Nxa1 23. Qxa1 Kxg7 24. Nf4 Qd6 25. Qc1 Rf8 26. Qc7+ Qxc7 27. Nxe6+ Kh6 28. Nxc7 Rxf3 29. Kg2 Rxa3 30. Nxb5 Ra4 31. Nd6 Rxd4 32. Nf7+ Kg7 33. Ng5 Ra4 34. Ne6+ Kf6 35. Nc5 Ra3 36. Nd7+ Kf5 37. Nb6 Ke4 38. Nd7 d4 39. Nf6+ Kf5 40. Nd5 d3 41. Ne3+ Ke4 42. Nc4 Rc3 43. Nd2+ Kd5 44. Kf3 Kd4 45. Nf1 Rc1 46. Nd2 Kc3 47. Ne4+ Kc2 48. Ke3 Re1+ 49. Kf3 Rxe4 50. Kxe4 d2 51. f4 d1Q 0-1